LEADER 01006nam0-22002891i-450- 001 990006779650403321 005 20001010 035 $a000677965 035 $aFED01000677965 035 $a(Aleph)000677965FED01 035 $a000677965 100 $a20001010d--------km-y0itay50------ba 101 0 $aita 105 $ay-------001yy 200 1 $aIndagine comparativa sulle Abbazie benedettine di Tremiti e di Conversano. I$eIl problema dell'autonomia$fFrancesco M.De Robertis 210 $as.l$cs.e.$ds.d. 215 $a300 p.$d24 cm - 300 $aEstratto da : 3. Convegno sulla preistoria, protostoria e storia della Daunia. San Severo, 27-28-29 novembre 1981. Atti. 700 1$aDe Robertis,$bFrancesco M.$0187089 801 0$aIT$bUNINA$gRICA$2UNIMARC 901 $aBK 912 $a990006779650403321 952 $aBUSTA XIV O 12$b2726$fFSPBC 959 $aFSPBC 996 $aIndagine comparativa sulle Abbazie benedettine di Tremiti e di Conversano. I$9634664 997 $aUNINA DB $aGEN01 LEADER 02878oam 22007214a 450 001 9910793361703321 005 20230817191006.0 010 $a1-5261-2926-4 010 $a1-5261-4192-2 010 $a1-5261-2925-6 024 7 $a10.7765/9781526129253 035 $a(CKB)4100000007164345 035 $a(MiAaPQ)EBC5601862 035 $a(StDuBDS)EDZ0002046377 035 $a(OCoLC)1076271999 035 $a(MdBmJHUP)muse77767 035 $a(DE-B1597)659353 035 $a(DE-B1597)9781526129253 035 $a(EXLCZ)994100000007164345 100 $a20190829d2019 uy 0 101 0 $aeng 135 $aurcnu|||||||| 181 $ctxt$2rdacontent 182 $cc$2rdamedia 183 $acr$2rdacarrier 200 10$aSolvent form $eart and destruction /$fJared Pappas-Kelley 210 1$aManchester :$cManchester University Press,$d2019. 215 $a1 online resource (157 pages) 311 $a1-5261-2924-8 320 $aIncludes bibliographical references (pages [133]-144) and index. 327 $aThe destruction of art -- Art and permeable moments -- Solvent form -- The thing is not a thing -- Things lie -- Epilogue. 330 $aThis book is about the destruction of art, both in terms of objects that have been destroyed -- lost in fires, floods or vandalism -- and the general concept of art operating through object and form. Through re-examinations of such events as the Momart warehouse fire in 2004 and the activities of art thief Stephane Breitwieser, the book proposes an idea of solvent form hinging on the dual meaning in the words solvent and solvency, whereby art, while attempting to make secure or fixed, simultaneously undoes and destroys through its inception. Ultimately, the book questions what is it that may be perceived in the destruction of art and how we understand it, and further how it might be linked to a more general failure. 606 $aArt and society 606 $aArt$xMutilation, defacement, etc 610 $aArt and loss. 610 $aArt. 610 $aContemporary art. 610 $aDestruction of art. 610 $aDestruction. 610 $aDisappearance. 610 $aGallery of lost art. 610 $aGeorges Bataille. 610 $aGeorges Perec. 610 $aJake and Dinos Chapman. 610 $aLost Art. 610 $aMomart warehouse fire. 610 $aMomart. 610 $aRemainder. 610 $aSacrifice. 610 $aSarah Winchester. 610 $aSolvency. 610 $aTom McCarthy. 610 $aWinchester Mystery House. 615 0$aArt and society. 615 0$aArt$xMutilation, defacement, etc. 676 $a700.108 700 $aPappas-Kelley$b Jared$01568716 801 0$bMdBmJHUP 801 1$bMdBmJHUP 906 $aBOOK 912 $a9910793361703321 996 $aSolvent form$93841059 997 $aUNINA